Understanding drama

保存先:
書誌詳細
主要な著者: Brooks, Cleanth (著者), Heilman, Robert Bechtold (著者)
フォーマット: 図書
言語:英語
出版事項: Nueva York Henry Holt 1945
主題:
タグ: タグ追加
タグなし, このレコードへの初めてのタグを付けませんか!

MARC

LEADER 00000nam a2200000 a 4500
001 UCU4946
003 CL-VaPUC
005 20230629151708.0
008 960531e19450000US |||||||||||||||||eng|d
999 |c 248470  |d 248468 
040 |c Pontificia Universidad Católica de Valparaíso 
082 0 4 |a 792.09  |b BRO  |2 21 
100 0 |a Brooks, Cleanth  |e author  |9 362721 
245 1 0 |a Understanding drama 
260 |a Nueva York  |b Henry Holt  |c 1945 
300 |a 515 p 
583 |a last modification  |c 19960531 00:00:00  |k Rodrigo Vera 
600 0 7 |a CONGREVE, WILLIAM  |2 CL-VaPUC  |9 362723 
600 0 |a Shakespeare, William  |9 265757 
600 0 |a Ibsen, Henrik   |d 1828-1906  |9 349947 
650 0 |a Formas y géneros literarios  |9 324031 
650 0 |a Drama inglés  |9 311029 
650 7 |a DRAMA NORUEGO  |2 CL-VaPUC  |9 362724 
650 0 |a Crítica e interpretación   |9 255042 
700 |a Heilman, Robert Bechtold  |e author  |9 883545 
942 |c BK  |2 ddc 
945 |d 19960531 00:00:00  |a rleighto 
952 |0 0  |1 0  |4 0  |6 792_090000000000000_BRO_1945  |7 0  |8 P  |9 265095  |a BIBEDU  |b BIBEDU  |c BIBEDU_PB  |d 2019-11-19  |i 3205371  |o 792.09 BRO 1945  |p 3205371  |r 2024-01-25  |w 2019-11-19  |y BK  |k LIT